Loading...
Science - Physics | 0 | 8 | 1 | 2 | 75 | 34 | 86.50 | 4 | 8 |
Fine Arts - Classical Music | 0 | 6 | 1 | 0 | 55 | 50 | 101.00 | 2 | 6 |
Fine Arts - Painting & Sculpture | 0 | 2 | 0 | 0 | 20 | 82 | 106.00 | 1 | 2 |
History - Other History | 0 | 2 | 0 | 0 | 20 | 53 | 60.50 | 1 | 2 |
Other | 0 | 2 | 0 | 0 | 20 | 53 | 77.50 | 0 | 2 |
Science - Other Science | 0 | 3 | 2 | 0 | 20 | 48 | 65.00 | 1 | 3 |
Fine Arts - Other Fine Arts | 0 | 2 | 0 | 1 | 20 | 125 | 126.00 | 1 | 2 |
Religion | 0 | 2 | 1 | 2 | 15 | 123 | 132.00 | 2 | 2 |
Mythology | 0 | 2 | 1 | 0 | 15 | 53 | 74.00 | 1 | 2 |
Science - Biology | 0 | 1 | 0 | 0 | 10 | 48 | 48.00 | 1 | 1 |
Science - Chemistry | 0 | 1 | 0 | 0 | 10 | 102 | 102.00 | 0 | 1 |
History - American History | 0 | 0 | 1 | 0 | -5 | 0.00 | 0 | 0 |